So snahou pomôcť klientovi
Postavenie a činnosť maklérov poistenia a agentov. Charakteristika maklérov a agentov aj vďaka zákonu o sprostredkovaní poistenia a zaistenia. Porovnanie činnosti makléra a agenta.
Salvato in:
| Autore principale: | |
|---|---|
| Natura: | Capitolo di libro |
| Lingua: | slovacco |
| Soggetti: | |
| Tags: |
Nessun Tag, puoi essere il primo ad aggiungerne!!
|
MARC
| LEADER | 00000naa$a2200000$$$4500 | ||
|---|---|---|---|
| 001 | 0054841 | ||
| 005 | 20240502071629.5 | ||
| 041 | 0 | |a slo | |
| 044 | |a SK | ||
| 245 | 1 | 0 | |a So snahou pomôcť klientovi |c Pavel Škriniar |
| 520 | |a Postavenie a činnosť maklérov poistenia a agentov. Charakteristika maklérov a agentov aj vďaka zákonu o sprostredkovaní poistenia a zaistenia. Porovnanie činnosti makléra a agenta. | ||
| 610 | 2 | 0 | |a legislatíva |
| 610 | 2 | 0 | |a makléri |
| 610 | 2 | 0 | |a klienti |
| 610 | 2 | 0 | |a poisťovne |
| 610 | 2 | 0 | |a odmeny |
| 610 | 2 | 0 | |a sprostredkovatelia |
| 100 | 1 | |a Škriniar, Pavel, 1979- | |